[Event "EIRCC 2019"]
[Site "Tallinn"]
[Date "2019.12.05"]
[Round "6.36"]
[White "Dragnev, Valentin"]
[Black "Lazavik, Denis"]
[Result "0-1"]
[WhiteElo "2380"]
[BlackElo "2201"]
[Annotator "NA"]
[PlyCount "114"]
[EventDate "2019.12.05"]
[EventType "swiss"]
[EventCountry "EST"]
[SourceTitle "playchess.com"]
[Source "ChessBase"]
[SourceQuality "1"]
[TimeControl "900+10"]

1. d4 {[%emt 0:00:00]} d5 {[%emt 0:00:00]} 2. c4 {[%emt 0:00:00]} c6 {[%emt 0:00:00]} 3. Nf3 {[%emt 0:00:00]} Nf6 {[%emt 0:00:12]} 4. e3 {[%emt 0:00:00]} Bf5 {[%emt 0:00:05]} 5. Nc3 {[%emt 0:00:00]} e6 {[%emt 0:00:04]} 6. Nh4 {[%emt 0:00:00]} Be4 {[%emt 0:00:10]} 7. f3 {[%emt 0:00:02]} Bg6 {[%emt 0:00:03]} 8. Qb3 {[%emt 0:00:02]} Qc7 {[%emt 0:00:04]} 9. Bd2 {[%emt 0:00:06]} Be7 {[%emt 0:00:03]} 10. cxd5 {[%emt 0:00:19]} exd5 {[%emt 0:02:08]} 11. Nxg6 {[%emt 0:00:14]} hxg6 {[%emt 0:00:03]} 12. e4 {[%emt 0:00:13]} Qb6 {[%emt 0:01:23]} 13. exd5 {[%emt 0:02:56]} Nxd5 {[%emt 0:00:21]} 14. Nxd5 {[%emt 0:00:14]} cxd5 {[%emt 0:00:03]} 15. Qxd5 {[%emt 0:03:23]} O-O {[%emt 0:00:34]} 16. O-O-O {[%emt 0:01:17]} Nc6 {[%emt 0:01:21]} 17. Qb5 {[%emt 0:00:35]} Qxd4 {[%emt 0:02:02]} 18. Be2 {[%emt 0:00:22]} a6 {[%emt 0:01:20]} 19. Qd3 {[%emt 0:01:17]} Qf2 {[%emt 0:01:05]} 20. Be3 {[%emt 0:03:53]} Qxg2 {[%emt 0:00:12]} 21. Rhg1 {[%emt 0:00:10]} Qh3 {[%emt 0:00:08]} 22. Kb1 {[%emt 0:00:10]} Qe6 {[%emt 0:00:40]} 23. Qb3 {[%emt 0:00:38]} Qxb3 {[%emt 0:01:29]} 24. axb3 {[%emt 0:00:02]} Rad8 {[%emt 0:00:47]} 25. Bb6 {[%emt 0:00:02]} Rxd1+ {[%emt 0:00:16]} 26. Rxd1 {[%emt 0:00:01]} Bd8 {[%emt 0:00:09]} 27. Bf2 {[%emt 0:00:14]} Re8 {[%emt 0:00:18]} 28. Bc4 {[%emt 0:00:02]} Bc7 {[%emt 0:00:34]} 29. h4 {[%emt 0:00:36]} Rd8 {[%emt 0:00:06]} 30. Rxd8+ {[%emt 0:01:22]} Bxd8 {[%emt 0:00:02]} 31. Bd5 {[%emt 0:00:12]} Bf6 {[%emt 0:00:03]} 32. Be4 {[%emt 0:00:18]} Kf8 {[%emt 0:00:08]} 33. f4 {[%emt 0:00:14]} Ke7 {[%emt 0:00:13]} 34. Bd5 {[%emt 0:00:02]} Nd8 {[%emt 0:00:58]} 35. Bf3 {[%emt 0:00:06]} Kd6 {[%emt 0:00:37]} 36. h5 {[%emt 0:00:10]} gxh5 37. Bxh5 {[%emt 0:00:01]} g6 {[%emt 0:00:09]} 38. Bf3 {[%emt 0:00:09]} Nc6 {[%emt 0:00:05]} 39. Be4 {[%emt 0:00:19]} Bg7 {[%emt 0:00:20]} 40. Bd3 {[%emt 0:00:21]} Bh6 {[%emt 0:00:12]} 41. Bg3 {[%emt 0:00:08]} f5 {[%emt 0:00:01]} 42. Bc4 {[%emt 0:00:04]} Nd4 {[%emt 0:00:25]} 43. Bf7 {[%emt 0:00:31]} Ne2 {[%emt 0:00:03]} 44. Bf2 {[%emt 0:00:01]} Nxf4 {[%emt 0:00:42]} 45. Be3 {[%emt 0:00:01]} g5 {[%emt 0:00:01]} 46. Bxf4+ {[%emt 0:00:30]} gxf4 {[%emt 0:00:01]} 47. Kc2 {[%emt 0:00:00]} Ke5 {[%emt 0:00:37]} 48. Kd3 {[%emt 0:00:20]} f3 {[%emt 0:00:18]} 49. Bh5 {[%emt 0:00:08]} Kf4 {[%emt 0:00:05]} 50. Bf7 {[%emt 0:00:01]} Bf8 {[%emt 0:00:26]} 51. Bd5 {[%emt 0:00:21]} b6 {[%emt 0:00:02]} 52. Bc6 {[%emt 0:00:29]} a5 {[%emt 0:00:02]} 53. Bd5 {[%emt 0:00:35]} Bg7 {[%emt 0:00:02]} 54. b4 {[%emt 0:00:11]} Bxb2 {[%emt 0:00:05]} 55. bxa5 {[%emt 0:00:15]} bxa5 {[%emt 0:00:02]} 56. Bc6 {[%emt 0:00:01]} f2 {[%emt 0:00:10]} 57. Ke2 {[%emt 0:00:00]} Bd4 {[%emt 0:00:01]} 0-1

[Event "EIRCC 2019"]
[Site "Tallinn"]
[Date "2019.12.05"]
[Round "7.1"]
[White "Riazantsev, Alexander"]
[Black "Hjartarson, Johann"]
[Result "1/2-1/2"]
[WhiteElo "2594"]
[BlackElo "2534"]
[Annotator "ChessBase"]
[PlyCount "95"]
[EventDate "2019.12.05"]
[EventType "swiss"]
[EventCountry "EST"]
[SourceTitle "playchess.com"]
[Source "ChessBase"]
[SourceQuality "1"]
[TimeControl "900+10"]

1. d4 {[%emt 0:00:00]} Nf6 {[%emt 0:00:00]} 2. c4 {[%emt 0:00:00]} e6 {[%emt 0:00:00]} 3. Nf3 {[%emt 0:00:00]} Bb4+ {[%emt 0:00:03]} 4. Bd2 {[%emt 0:00:02]} a5 {[%emt 0:00:09]} 5. a3 {[%emt 0:00:03]} Bxd2+ {[%emt 0:00:08]} 6. Qxd2 {[%emt 0:00:01]} b6 {[%emt 0:00:22]} 7. Nc3 {[%emt 0:00:13]} Bb7 {[%emt 0:00:03]} 8. e3 {[%emt 0:00:34]} d6 {[%emt 0:00:20]} 9. Bd3 {[%emt 0:00:16]} Nbd7 {[%emt 0:00:04]} 10. e4 {[%emt 0:00:17]} e5 {[%emt 0:00:17]} 11. O-O {[%emt 0:00:28]} O-O {[%emt 0:00:57]} 12. Rfe1 {[%emt 0:01:57]} exd4 {[%emt 0:00:46]} 13. Nxd4 {[%emt 0:00:02]} Re8 {[%emt 0:00:03]} 14. f3 {[%emt 0:00:08]} Nc5 {[%emt 0:00:49]} 15. Bc2 {[%emt 0:00:05]} Nfd7 {[%emt 0:00:07]} 16. b4 {[%emt 0:02:36]} Ne6 {[%emt 0:00:14]} 17. Ba4 {[%emt 0:00:08]} Nxd4 {[%emt 0:00:35]} 18. Qxd4 {[%emt 0:00:01]} Re6 {[%emt 0:00:48]} 19. Bxd7 {[%emt 0:01:53]} Qxd7 {[%emt 0:00:04]} 20. b5 {[%emt 0:00:11]} Rae8 {[%emt 0:00:53]} 21. Re2 {[%emt 0:00:01]} f5 {[%emt 0:02:08]} 22. Rae1 {[%emt 0:00:00]} fxe4 {[%emt 0:01:11]} 23. Nxe4 {[%emt 0:00:02]} h6 {[%emt 0:02:20]} 24. a4 {[%emt 0:02:13]} Kh8 {[%emt 0:00:42]} 25. h3 {[%emt 0:01:21]} Qf7 {[%emt 0:00:11]} 26. Nc3 {[%emt 0:00:38]} Rxe2 {[%emt 0:01:04]} 27. Rxe2 {[%emt 0:00:01]} Rxe2 {[%emt 0:00:04]} 28. Nxe2 {[%emt 0:00:01]} Qf5 {[%emt 0:00:09]} 29. Nf4 {[%emt 0:01:06]} Kg8 {[%emt 0:01:08]} 30. Nd5 {[%emt 0:00:25]} Qb1+ {[%emt 0:00:13]} 31. Kh2 {[%emt 0:00:01]} Qc2 {[%emt 0:00:03]} 32. Ne3 {[%emt 0:02:29]} Qe2 {[%emt 0:00:47]} 33. Nf5 {[%emt 0:00:57]} Qe5+ {[%emt 0:00:03]} 34. Qxe5 {[%emt 0:00:01]} dxe5 {[%emt 0:00:02]} 35. Kg3 {[%emt 0:00:27]} Kf7 {[%emt 0:00:02]} 36. Kf2 {[%emt 0:00:01]} Kf6 {[%emt 0:00:18]} 37. Ne3 {[%emt 0:00:04]} Ke6 {[%emt 0:00:09]} 38. Ke2 {[%emt 0:00:32]} g5 {[%emt 0:00:14]} 39. Kd3 {[%emt 0:00:13]} h5 {[%emt 0:00:05]} 40. c5 {[%emt 0:00:04]} Bd5 {[%emt 0:01:20]} 41. cxb6 {[%emt 0:01:46]} cxb6 {[%emt 0:00:03]} 42. Nxd5 {[%emt 0:00:02]} Kxd5 {[%emt 0:00:01]} 43. g3 {[%emt 0:00:01]} Kc5 {[%emt 0:01:04]} 44. Kc3 {[%emt 0:00:05]} Kd5 {[%emt 0:00:07]} 45. Kd3 {[%emt 0:00:01]} Kc5 {[%emt 0:00:02]} 46. Kc3 {[%emt 0:00:48]} Kd5 {[%emt 0:00:02]} 47. Kd3 {[%emt 0:00:01]} Kc5 {[%emt 0:00:02]} 48. Kc3 {[%emt 0:00:25]} 1/2-1/2

[Event "EIRCC 2019"]
[Site "Tallinn"]
[Date "2019.12.05"]
[Round "7.2"]
[White "Saric, Ante"]
[Black "Esipenko, Andrey"]
[Result "0-1"]
[WhiteElo "2538"]
[BlackElo "2590"]
[Annotator "ChessBase"]
[PlyCount "94"]
[EventDate "2019.12.05"]
[EventType "swiss"]
[EventCountry "EST"]
[SourceTitle "playchess.com"]
[Source "ChessBase"]
[SourceQuality "1"]
[TimeControl "900+10"]

1. Nf3 {[%emt 0:00:00]} d5 {[%emt 0:00:00]} 2. d4 {[%emt 0:00:00]} Nf6 {[%emt 0:00:00]} 3. c4 {[%emt 0:00:00]} e6 {[%emt 0:00:00]} 4. g3 {[%emt 0:00:00]} dxc4 {[%emt 0:00:00]} 5. Qa4+ {[%emt 0:00:00]} Nbd7 {[%emt 0:00:15]} 6. Bg2 {[%emt 0:00:16]} a6 {[%emt 0:00:10]} 7. Nc3 {[%emt 0:00:04]} Be7 {[%emt 0:00:24]} 8. Ne5 {[%emt 0:01:06]} c5 {[%emt 0:00:48]} 9. dxc5 {[%emt 0:01:10]} Bxc5 {[%emt 0:00:07]} 10. Nxc4 {[%emt 0:00:24]} Ra7 {[%emt 0:00:56]} 11. Be3 {[%emt 0:02:16]} b5 {[%emt 0:03:20]} 12. Bxc5 {[%emt 0:00:02]} bxa4 {[%emt 0:02:54]} 13. Nd6+ {[%emt 0:00:03]} Kf8 {[%emt 0:00:02]} 14. Bxa7 {[%emt 0:00:03]} a3 {[%emt 0:00:00]} 15. O-O-O {[%emt 0:02:39]} axb2+ {[%emt 0:00:18]} 16. Kxb2 {[%emt 0:00:01]} Qc7 {[%emt 0:00:21]} 17. Nxc8 {[%emt 0:01:32]} Qxc8 {[%emt 0:00:21]} 18. Rc1 {[%emt 0:00:46]} Qc7 {[%emt 0:00:50]} 19. Nb5 {[%emt 0:00:38]} Qe5+ {[%emt 0:01:58]} 20. Nd4 {[%emt 0:00:02]} g5 {[%emt 0:00:08]} 21. f4 {[%emt 0:00:26]} Qa5 {[%emt 0:00:51]} 22. Nb3 {[%emt 0:01:47]} Qf5 {[%emt 0:01:35]} 23. Nd4 {[%emt 0:00:17]} Qa5 {[%emt 0:01:21]} 24. Nb3 {[%emt 0:00:02]} Qb5 {[%emt 0:00:58]} 25. fxg5 {[%emt 0:01:35]} Qxe2+ {[%emt 0:00:15]} 26. Rc2 {[%emt 0:00:01]} Qe5+ {[%emt 0:00:01]} 27. Bd4 {[%emt 0:01:14]} Qxg5 {[%emt 0:00:01]} 28. h4 {[%emt 0:00:13]} Qg4 {[%emt 0:01:00]} 29. Bh3 {[%emt 0:00:47]} Qe4 {[%emt 0:00:25]} 30. Rf1 {[%emt 0:00:14]} e5 {[%emt 0:00:03]} 31. Bc3 {[%emt 0:00:30]} Kg7 {[%emt 0:00:13]} 32. Rcf2 {[%emt 0:00:10]} Rf8 {[%emt 0:00:14]} 33. Bf5 {[%emt 0:00:19]} Qc4 {[%emt 0:00:05]} 34. g4 {[%emt 0:00:15]} Nd5 {[%emt 0:00:25]} 35. Bd2 {[%emt 0:00:54]} N7b6 {[%emt 0:00:08]} 36. Be6 {[%emt 0:00:29]} f6 {[%emt 0:00:20]} 37. g5 {[%emt 0:00:01]} f5 {[%emt 0:00:06]} 38. Rxf5 {[%emt 0:00:09]} Rxf5 {[%emt 0:00:05]} 39. Rxf5 {[%emt 0:00:00]} Qe2 {[%emt 0:00:10]} 40. Rf7+ {[%emt 0:00:30]} Kg6 {[%emt 0:00:02]} 41. Ra7 {[%emt 0:00:34]} Nc4+ {[%emt 0:00:06]} 42. Kc2 {[%emt 0:00:05]} Qe4+ {[%emt 0:00:13]} 43. Kc1 {[%emt 0:00:11]} Nxd2 {[%emt 0:00:18]} 44. Nxd2 {[%emt 0:00:07]} Qe1+ {[%emt 0:00:03]} 45. Kc2 {[%emt 0:00:03]} Nb4+ {[%emt 0:00:05]} 46. Kc3 {[%emt 0:00:15]} Qc1+ {[%emt 0:00:02]} 47. Kxb4 {[%emt 0:00:04]} Qxd2+ {[%emt 0:00:02]} 0-1

[Event "EIRCC 2019"]
[Site "Tallinn"]
[Date "2019.12.05"]
[Round "7.3"]
[White "Yuffa, Daniil"]
[Black "Belyakov, Bogdan"]
[Result "1-0"]
[WhiteElo "2587"]
[BlackElo "2520"]
[Annotator "ChessBase"]
[PlyCount "71"]
[EventDate "2019.12.05"]
[EventType "swiss"]
[EventCountry "EST"]
[SourceTitle "playchess.com"]
[Source "ChessBase"]
[SourceQuality "1"]
[TimeControl "900+10"]

1. d4 {[%emt 0:00:00]} Nf6 {[%emt 0:00:00]} 2. c4 {[%emt 0:00:00]} g6 {[%emt 0:00:00]} 3. Nf3 {[%emt 0:00:07]} Bg7 {[%emt 0:00:00]} 4. g3 {[%emt 0:00:02]} O-O {[%emt 0:00:00]} 5. Bg2 {[%emt 0:00:02]} d6 {[%emt 0:00:01]} 6. O-O {[%emt 0:00:02]} Nc6 {[%emt 0:00:03]} 7. Nc3 {[%emt 0:00:02]} a6 {[%emt 0:00:02]} 8. Bf4 {[%emt 0:00:02]} Rb8 {[%emt 0:00:08]} 9. Rc1 {[%emt 0:00:01]} h6 {[%emt 0:00:03]} 10. d5 {[%emt 0:00:58]} e5 {[%emt 0:00:03]} 11. Bd2 {[%emt 0:00:46]} Ne7 {[%emt 0:00:19]} 12. e4 {[%emt 0:00:43]} Nd7 {[%emt 0:01:04]} 13. Ne1 {[%emt 0:00:48]} c5 {[%emt 0:01:42]} 14. a4 {[%emt 0:00:43]} f5 {[%emt 0:01:02]} 15. Nd3 {[%emt 0:00:07]} Nf6 {[%emt 0:02:05]} 16. f4 {[%emt 0:00:59]} Nxe4 {[%emt 0:00:40]} 17. Nxe4 {[%emt 0:00:29]} fxe4 {[%emt 0:00:02]} 18. Bxe4 {[%emt 0:00:12]} Bh3 {[%emt 0:00:31]} 19. Bg2 {[%emt 0:01:02]} Bf5 {[%emt 0:01:12]} 20. Qe2 {[%emt 0:01:23]} Bxd3 {[%emt 0:00:52]} 21. Qxd3 {[%emt 0:00:02]} exf4 {[%emt 0:00:03]} 22. Bxf4 {[%emt 0:00:06]} g5 {[%emt 0:00:16]} 23. Be3 {[%emt 0:00:36]} Bxb2 {[%emt 0:00:03]} 24. Rb1 {[%emt 0:01:54]} Be5 {[%emt 0:00:29]} 25. Bh3 {[%emt 0:00:03]} Qc7 {[%emt 0:01:39]} 26. Be6+ {[%emt 0:00:51]} Kg7 {[%emt 0:00:01]} 27. h4 {[%emt 0:00:59]} Bf6 {[%emt 0:02:06]} 28. h5 {[%emt 0:01:41]} Be5 {[%emt 0:00:39]} 29. Kg2 {[%emt 0:00:13]} b5 {[%emt 0:00:47]} 30. axb5 {[%emt 0:00:01]} axb5 {[%emt 0:00:01]} 31. Rxb5 {[%emt 0:00:45]} Rxb5 {[%emt 0:00:59]} 32. cxb5 {[%emt 0:00:38]} Rxf1 {[%emt 0:01:51]} 33. Qxf1 {[%emt 0:00:08]} Bf6 {[%emt 0:00:03]} 34. Bd2 {[%emt 0:00:30]} Nc8 {[%emt 0:01:34]} 35. Qf5 {[%emt 0:00:03]} Qe7 {[%emt 0:00:01]} 36. Qg6+ {[%emt 0:00:07]} 1-0

[Event "EIRCC 2019"]
[Site "Tallinn"]
[Date "2019.12.05"]
[Round "7.4"]
[White "Lintchevski, Daniil"]
[Black "Kulaots, Kaido"]
[Result "1/2-1/2"]
[WhiteElo "2515"]
[BlackElo "2544"]
[Annotator "ChessBase"]
[PlyCount "86"]
[EventDate "2019.12.05"]
[EventType "swiss"]
[EventCountry "EST"]
[SourceTitle "playchess.com"]
[Source "ChessBase"]
[SourceQuality "1"]
[TimeControl "900+10"]

1. Nf3 {[%emt 0:00:00]} Nf6 {[%emt 0:00:00]} 2. c4 {[%emt 0:00:00]} g6 {[%emt 0:00:01]} 3. g3 {[%emt 0:00:07]} Bg7 {[%emt 0:00:17]} 4. Bg2 {[%emt 0:00:02]} O-O {[%emt 0:00:09]} 5. O-O {[%emt 0:00:03]} d6 {[%emt 0:00:02]} 6. d4 {[%emt 0:00:23]} Nc6 {[%emt 0:00:06]} 7. Nc3 {[%emt 0:00:30]} e5 {[%emt 0:00:10]} 8. dxe5 {[%emt 0:00:14]} Nxe5 {[%emt 0:00:03]} 9. Nxe5 {[%emt 0:00:59]} dxe5 {[%emt 0:00:03]} 10. Bg5 {[%emt 0:00:52]} Qxd1 {[%emt 0:01:31]} 11. Raxd1 {[%emt 0:00:02]} h6 {[%emt 0:00:20]} 12. Bc1 {[%emt 0:00:04]} c6 {[%emt 0:00:25]} 13. b3 {[%emt 0:00:03]} Re8 {[%emt 0:02:57]} 14. h3 {[%emt 0:00:32]} Bf5 {[%emt 0:02:10]} 15. Be3 {[%emt 0:00:44]} Bf8 {[%emt 0:00:24]} 16. g4 {[%emt 0:02:45]} Be6 {[%emt 0:01:21]} 17. Rd3 {[%emt 0:00:02]} Rec8 {[%emt 0:01:09]} 18. Rfd1 {[%emt 0:00:37]} Kg7 {[%emt 0:00:42]} 19. Bc1 {[%emt 0:00:55]} Rc7 {[%emt 0:01:25]} 20. Bb2 {[%emt 0:00:14]} Rd7 {[%emt 0:00:15]} 21. Rxd7 {[%emt 0:03:49]} Nxd7 {[%emt 0:00:05]} 22. e3 {[%emt 0:00:46]} f5 {[%emt 0:00:18]} 23. gxf5 {[%emt 0:00:31]} gxf5 {[%emt 0:00:02]} 24. Ne2 {[%emt 0:00:01]} Kf7 {[%emt 0:01:21]} 25. f4 {[%emt 0:00:05]} e4 {[%emt 0:00:47]} 26. Nd4 {[%emt 0:00:28]} Nc5 {[%emt 0:00:06]} 27. Bf1 {[%emt 0:00:18]} Be7 {[%emt 0:01:00]} 28. Rd2 {[%emt 0:00:43]} Rg8+ {[%emt 0:00:38]} 29. Rg2 {[%emt 0:00:01]} Rxg2+ {[%emt 0:00:04]} 30. Kxg2 {[%emt 0:00:02]} Bd7 {[%emt 0:00:18]} 31. Bc3 {[%emt 0:00:30]} Bf6 {[%emt 0:00:29]} 32. Ne2 {[%emt 0:00:04]} Nd3 {[%emt 0:00:09]} 33. Bxf6 {[%emt 0:00:21]} Kxf6 {[%emt 0:00:01]} 34. Nc3 {[%emt 0:00:02]} Nb4 {[%emt 0:00:08]} 35. Kf2 {[%emt 0:00:14]} c5 {[%emt 0:00:11]} 36. Be2 {[%emt 0:00:23]} Be8 {[%emt 0:00:36]} 37. Ke1 {[%emt 0:00:12]} Ke6 {[%emt 0:00:17]} 38. Kd2 {[%emt 0:00:04]} Kd6 {[%emt 0:00:13]} 39. a3 {[%emt 0:00:13]} Nc6 {[%emt 0:00:03]} 40. Nb5+ {[%emt 0:00:37]} Kd7 {[%emt 0:00:02]} 41. Nc3 {[%emt 0:00:02]} Kd6 {[%emt 0:00:13]} 42. Nb5+ {[%emt 0:00:02]} Kd7 {[%emt 0:00:04]} 43. Nc3 {[%emt 0:00:01]} Kd6 {[%emt 0:00:01]} 1/2-1/2

[Event "EIRCC 2019"]
[Site "Tallinn"]
[Date "2019.12.05"]
[Round "7.5"]
[White "Kanep, Meelis"]
[Black "Sargissian, Gabriel"]
[Result "0-1"]
[WhiteElo "2466"]
[BlackElo "2715"]
[Annotator "TA"]
[PlyCount "72"]
[EventDate "2019.12.05"]
[EventType "swiss"]
[EventCountry "EST"]
[SourceTitle "playchess.com"]
[Source "ChessBase"]
[SourceQuality "1"]

{[%evp 9,104,0,35,25,39,33,70,37,24,3,17,-6,0,-54,-29,-60,-70,-59,-66,-72,-59,-68,-77,-66,0,-81,-79,-83,-89,-95,-91,-222,-144,-230,-238,-262,-200,-433,-439,-412,-391,-356,-233,-240,-240,-238,-240,-297,-290,-315,-296,-283,-274,-340,-341,-461,-447,-472,-463,-508,-477,-488,-481,-568,-546,-517,-495,-1286,-1216,-1112,-978,-29985,-1958,-29974,-29975,-29991,-29976,-5991,-1182,-1128,-1067,-29987,-29988,-29988,-29984,-29989,-29985,-29985,-29986,-29987,-29986,-29993,-29983,-29953,-6861,-29994,-29995]} 1. d4 Nf6 2. Bg5 d5 3. e3 c6 4. Nd2 Qb6 5. Bd3 Bg4 6. Ne2 {D00: 1 d4 d5: Unusual lines} Nbd7 7. O-O $146 ({Predecessor:} 7. f3 Bh5 8. Nf4 Bg6 9. Qe2 e5 10. Nxg6 hxg6 11. O-O-O O-O-O 12. c3 {½-½ (53) Nepomniachtchi,I (2767)-Eljanov,P (2755) Wijk aan Zee 2017}) 7... e6 8. c3 {White is slightly better.} Be7 9. f3 {Threatens to win with Bxf6.} Bh5 10. e4 Bg6 11. Nf4 ({White should try} 11. Be3 $11) 11... Nxe4 (11... Qxb2 {seems wilder.} 12. Nxg6 hxg6 13. Qb3 Qxb3 14. Nxb3 c5) 12. Nxg6 hxg6 (12... Bxg5 $6 13. Nxh8 Nxd2 14. f4 $14) 13. Nxe4 dxe4 14. Bxe7 exd3 ({Much worse is} 14... Kxe7 15. fxe4 c5 16. Qa4 $11 (16. Qf3 f6 $11)) (14... Qxb2 $2 15. Bb4 $18) 15. Ba3 Qa6 16. Qd2 O-O-O (16... Rh5 $15) 17. Be7 (17. Bd6 $11 {keeps the balance.}) 17... Rde8 $36 {[%cal Bd8e8,Be8e5,Be5d5][%mdl 2080] White is under strong pressure.} 18. Bd6 e5 19. dxe5 Nxe5 20. Qf4 (20. Bc5 $17 {is a better defense.}) 20... f6 21. Bxe5 (21. b3 $17) 21... Rxe5 $19 ({Weaker is} 21... fxe5 22. Qe3 $15) 22. Qg4+ Kb8 23. Qxg6 $2 (23. Rfe1 {keeps fighting.}) 23... Qb6+ 24. Kh1 Qc7 {Hoping for ...Rg5.} 25. f4 Rd5 26. Rad1 d2 27. h3 Rhd8 28. Rf3 Qe7 29. Kh2 Qe2 30. Rff1 R5d7 31. Qg3 Qe4 32. b3 Qc2 33. f5+ Ka8 34. Qe3 a6 35. c4 Qxa2 36. Qb6 Qc2 {Played: Qa2-b2} 0-1

[Event "EIRCC 2019"]
[Site "Tallinn"]
[Date "2019.12.05"]
[Round "7.6"]
[White "Motylev, Alexander"]
[Black "Ladva, Ottomar"]
[Result "1-0"]
[WhiteElo "2703"]
[BlackElo "2446"]
[Annotator "TA"]
[PlyCount "89"]
[EventDate "2019.12.05"]
[EventType "swiss"]
[EventCountry "EST"]
[SourceTitle "playchess.com"]
[Source "ChessBase"]
[SourceQuality "1"]

{[%evp 9,89,22,22,12,21,7,11,18,26,0,9,-3,8,10,10,4,16,14,18,7,24,8,19,13,37,19,28,22,36,27,52,45,79,56,76,58,51,45,42,16,49,20,27,5,7,9,11,1,1,8,15,8,8,8,15,0,0,0,70,8,43,51,38,51,406,331,366,284,411,412,403,393,811,787,780,753,1042,987,1125,827,1371,1337]} 1. e4 e5 2. Nf3 Nf6 3. Nxe5 d6 4. Nd3 (4. Nf3 Nxe4 5. Nc3 Nxc3 6. dxc3 Be7 7. Be3 Nc6 8. Qd2 Bf5 9. O-O-O Qd7 10. Bc4 Bf6 11. Nd4 Nxd4 12. Bxd4 Bxd4 13. Qxd4 O-O 14. Rhe1 b6 15. Bd5 Rae8 16. Qc4 {½-½ (30) Vachier Lagrave,M (2774)-Yu,Y (2763) Khanty-Mansiysk 2019}) 4... Nxe4 5. Qe2 Qe7 6. Nf4 {Nd5 is the strong threat. C42: Petroff Defence: 3 Nxe5 and unusual White 3rd moves} Nf6 7. d4 Qxe2+ 8. Bxe2 {The position is equal.} d5 9. h4 $146 ({Predecessor:} 9. O-O Be7 10. Bf3 c6 11. Re1 Bf5 {0-1 (58) Perez Perez,G (2110)-Jimenez Arteaga,A (1932) Tenerife 2019}) 9... Bd6 10. f3 h5 11. Nc3 c6 12. Bd3 Nbd7 13. Kf2 O-O 14. Nce2 Re8 15. c3 Nf8 16. Bd2 Ne6 17. a4 g6 18. Nxe6 Bxe6 19. a5 a6 20. Bf4 Bf8 21. Rhe1 Nd7 22. Bg3 Bh6 23. Nf4 Nf8 24. Ra3 Rad8 25. Nxe6 (25. Bc2 {is interesting.} Bc8 26. Raa1 Bd7 27. Rad1 Kg7 28. Bh2) 25... Rxe6 26. Rb3 Rxe1 27. Kxe1 Rd7 $1 28. Rb6 Ne6 29. Kf2 Bf4 30. Bxf4 Nxf4 $11 {[%mdl 4096] Endgame KRB-KRN} 31. Bf1 Ne6 32. Ke3 Re7 33. Kd2 f6 {[#]} ({Better is} 33... Kg7 $11) 34. c4 ({White should try} 34. Bxa6 $1 $14 {[%mdl 512]} bxa6 35. Rxa6) 34... Nxd4 35. cxd5 cxd5 36. Rxf6 Re6 $2 {[%mdl 8192]} (36... Nb3+ $1 $14 37. Kc3 Kg7) 37. Rxe6 $18 Nxe6 {KB-KN} 38. b4 Kf7 {[#]} (38... Nd8 $142 39. g3 Nc6) 39. Ke3 $1 Kf6 40. g3 Nd8 $2 (40... Ke5 41. f4+ Kd6) 41. Kd4 {White is clearly winning.} Ke6 42. Kc5 Nf7 43. Bh3+ Kf6 44. Kxd5 Ne5 45. Bc8 {Accuracy: White = 41%, Black = 25%.} 1-0

[Event "EIRCC 2019"]
[Site "Tallinn"]
[Date "2019.12.05"]
[Round "7.7"]
[White "Guseinov, Gadir"]
[Black "Lobanov, Sergei"]
[Result "1-0"]
[WhiteElo "2691"]
[BlackElo "2483"]
[Annotator "TA"]
[PlyCount "105"]
[EventDate "2019.12.05"]
[EventType "swiss"]
[EventCountry "EST"]
[SourceTitle "playchess.com"]
[Source "ChessBase"]
[SourceQuality "1"]

{[%evp 18,105,14,0,68,47,103,104,99,101,101,112,106,104,117,100,101,105,118,113,125,127,127,113,110,110,106,109,147,123,155,110,133,132,148,150,161,152,189,205,203,168,216,229,226,234,253,243,276,264,421,326,326,312,300,271,333,315,442,459,440,444,431,430,439,409,374,273,450,441,455,474,496,452,660,644,665,641,995,945,945,923,1069,1050,4710,5204,2035,1995,29990,29991]} 1. e4 e5 2. Nf3 Nc6 3. Bb5 a6 4. Bxc6 dxc6 5. O-O f6 6. d4 exd4 7. Nxd4 c5 8. Nb3 Qxd1 9. Rxd1 Be6 10. Bf4 Rd8 {C69: Ruy Lopez: Exchange Variation with 5 0-0 f6} (10... c4 $11 11. Na5 b6) (10... c4 11. Nd4 O-O-O 12. Nc3 Bf7 13. Nf5 Rxd1+ 14. Rxd1 Ne7 15. Ne3 Ng6 16. Bg3 Bc5 17. Nf5 h5 18. h4 {½-½ (38) Kasimdzhanov,R (2684)-Beliavsky,A (2609) Istanbul 2012}) 11. Nc3 $14 Bd6 (11... Rc8 $14) 12. Bxd6 $16 cxd6 {White is better.} 13. Na5 Rd7 {[#]} 14. Na4 $1 Ke7 15. Nb6 Rc7 16. Nac4 Bxc4 17. Nxc4 Rc6 $146 ({Predecessor:} 17... Rd7 18. Rd2 {1-0 (30) Palmkoeck,W-Diener,R ICCF corr 2001}) 18. a4 b6 19. Ra3 Nh6 20. Rb3 Rb8 21. f4 Nf7 22. Kf2 Ke6 23. g3 g6 24. Kf3 Ke7 25. Ne3 Nd8 26. Rbd3 Ne6 27. c3 b5 28. axb5 axb5 29. Ra1 Rb7 30. Ra8 Kf7 31. h4 h5 32. f5 Nf8 33. Rd5 g5 (33... Nd7 {keeps fighting.} 34. fxg6+ {[%mdl 64] Discovered Attack} Kxg6) 34. g4 hxg4+ 35. Nxg4 (35. Kxg4 gxh4 36. Rd1 Re7 $18) 35... gxh4 36. Nxf6 {[%mdl 64] [#] Deflection} Kxf6 37. Rxf8+ $18 {[%mdl 4096] Endgame KRR-KRR} Rf7 (37... Kg7 $142 38. Rd8 b4 39. R8xd6 bxc3 40. Rd7+ (40. Rxc6 cxb2 41. Rg6+ Kf7 $16) (40. f6+ Kg6 $16) 40... Rxd7 41. Rxd7+ Kh6 42. bxc3 Ra6) 38. Rh8 Kg5 39. Rd1 Ra6 40. Rg1+ Kf6 41. Rg6+ Ke7 42. Rhh6 h3 $2 (42... Kd7 {is a better defense.} 43. Rxh4 Kc7) 43. Kf4 Kd7 44. Rxh3 Kc7 45. Rd3 Rd7 (45... b4 $142 46. cxb4 cxb4) 46. f6 Ra1 47. Rf3 Re1 48. Kf5 Kc6 49. Rf4 Rh1 50. Ke6 Rh5 51. f7 Re5+ 52. Kf6 Rd8 53. Rg8 {Accuracy: White = 85%, Black = 34%.} 1-0